000 01592nam a2200289 a 4500
001 ASIN1856696081
003 OSt
005 20180116192425.0
008 150127s2009 xxu eng d
020 _a1856696081 (hardcover)
_c$40.00
020 _a9781856696081 (hardcover)
040 _c0
050 0 4 _aNA1545.6
082 0 4 _a720.95109051
100 1 _aJie, Zhi Wenjun Xu.
_97901
245 1 0 _aNew chinese architecture /
_cZhi Wenjun Xu Jie.
250 _a1st ed.
260 _aLondon :
_bLaurence King Publishing;
_c2009.
300 _a480 p. ;
_c26 cm.
362 _a2009.
520 _aOver the last five years, China has experienced an unprecedented boom in architecture and has become the most dynamic and active region in the world. The complex fusion of both Chinese and Western influences has given its architecture a unique style. This comprehensive, wide ranging book showcases the most exciting projects of recent years, with extensive imagery together with clear line drawings. It covers buildings all over China and of every type and scale: houses, schools, universities, offices, retail spaces, galleries, and museums. Across its 480 pages this book provides the most complete survey of contemporary Chinese architecture to date and will be indispensable for architects, students, and all those with an interest in architecture.
650 0 _aArchitecture
_97902
650 0 _aChina
_97903
856 4 0 _3Amazon.com
_uhttp://www.amazon.com/exec/obidos/ASIN/1856696081/chopaconline-20
942 _2ddc
_cBK
999 _c354036
_d354036